023870000a22006490004500003001100000008004100011040003900052041000800091082001300099245004600112260006600158300001000224650002000234650001500254650002200269650002300291650003000314650002500344650001000369650003600379650001400415650002300429650005300452650002000505650001800525650002700543650001100570650005700581650002600638650001900664650004000683650006600723650001400789650002600803650007100829650002300900650002600923650004800949650002300997650007001020650001501090650002001105650006201125650001801187650004601205650001901251650002901270650005301299650003301352650007001385650003201455650012001487650002301607650004101630650003201671650003401703LK-CoMWRAF230817t ||||| |||| 00| 0 eng d aLK-CoMWRAFdLK-CoMWRAFeLK-CoMWRAF aeng a300bWOM aWoman's SubordinationbAsian Perspectives bCentre for Society and ReligionaSri Lanka (Colombo 10)c1981 ap.112 a